Obnova objektu v pamiatkovej zóne - adaptácia na administratívne účely

Saved in:
Bibliographic Details
Main Author: Kontra, Marek, 1988- (Author)
Other Authors: Vargová, Andrea, 1970- (Thesis advisor)
Format: Manuscript Book
Language:English
Published: Bratislava : STU v Bratislave SvF, 2013
Subjects:
Online Access:VAIS
Tags: Add Tag
No Tags, Be the first to tag this record!

MARC

LEADER 00000ntm a22000003a 4500
001 stu271521
005 20150617230231.9
008 130719s2013----xo------------------eng-d
040 |a STU  |b slo 
041 0 |a eng 
044 |a xo 
100 1 |a Kontra, Marek,  |d 1988-  |4 aut  |u V  |T SvF Stavebná fakulta  |X 49557  |U V  |Y 10  |7 A000049557 
242 0 0 |a Recovery of object in the historic zone - adaptation for administrative purposes  |y eng 
245 1 |a Obnova objektu v pamiatkovej zóne - adaptácia na administratívne účely 
260 |a Bratislava :  |b STU v Bratislave SvF,  |c 2013 
650 7 |a Architectural Constructions and Design  |2 estusub 
650 7 |a urbanistická štruktúra  |2 stusub 
650 7 |a administratívna budova  |2 stusub 
700 1 |a Vargová, Andrea,  |d 1970-  |4 ths  |u V180  |U SvF Stavebná fakulta  |T SvF Katedra konštrukcií pozemných stavieb  |X 618  |U V180  |Y 18  |7 A000000618 
856 4 |a info a plný text  |u http://is.stuba.sk/zp/portal_zp.pl?podrobnosti=92957  |3 VAIS